<?xml version="1.0" encoding="UTF-8"?>
<record
    xmlns:xsi="http://www.w3.org/2001/XMLSchema-instance"
    xsi:schemaLocation="http://www.loc.gov/MARC21/slim http://www.loc.gov/standards/marcxml/schema/MARC21slim.xsd"
    xmlns="http://www.loc.gov/MARC21/slim">

  <leader>01346nam a22002177a 4500</leader>
  <controlfield tag="008">200127b        xxu||||| |||| 00| 0 eng d</controlfield>
  <datafield tag="020" ind1=" " ind2=" ">
    <subfield code="a">9780323065801</subfield>
  </datafield>
  <datafield tag="050" ind1=" " ind2=" ">
    <subfield code="a">RT41.M488(8e)</subfield>
  </datafield>
  <datafield tag="100" ind1=" " ind2=" ">
    <subfield code="a">Lewis, Sharon L.</subfield>
  </datafield>
  <datafield tag="245" ind1=" " ind2=" ">
    <subfield code="a">Medical-surgical nursing: assessment and management of clinical problems. /</subfield>
    <subfield code="c">Sharon L. Lewis, Shannon Ruff Dirksen et al.</subfield>
  </datafield>
  <datafield tag="250" ind1=" " ind2=" ">
    <subfield code="a">8th ed.</subfield>
  </datafield>
  <datafield tag="260" ind1=" " ind2=" ">
    <subfield code="a">St. Louis :</subfield>
    <subfield code="b">Elsevier Mosby ,</subfield>
    <subfield code="c">2011.</subfield>
  </datafield>
  <datafield tag="300" ind1=" " ind2=" ">
    <subfield code="a">xxxii, 1787 p. :</subfield>
    <subfield code="b">ill, col. ;</subfield>
    <subfield code="c">28 cm.</subfield>
  </datafield>
  <datafield tag="500" ind1=" " ind2=" ">
    <subfield code="a">Includes index and appendix.</subfield>
  </datafield>
  <datafield tag="505" ind1=" " ind2=" ">
    <subfield code="a">Contents: Section 1: Concepts in nursing practice -- Section 2: Pathophysiologic mechanisms of disease -- Section 3:  Perioperative care -- Section 4: Problems related to altered sensory input -- Section 5: Problems of oxygenation: ventilation -- Section 6: Problems of oxygenation: transport -- Section 7: Problems of oxygenation: perfusion -- Section 8: Problems of ingestion, digestion, absorption, and elimination -- Section 9: Problems of urinary function -- Section 10: Problems related to regulatory and reproductive mechanisms -- Section 11: Problems related to movement and coordination -- Section 12: Nursing care in specialized settings.</subfield>
  </datafield>
  <datafield tag="700" ind1=" " ind2=" ">
    <subfield code="a">Dirksen, Shannon Ruff</subfield>
  </datafield>
  <datafield tag="700" ind1=" " ind2=" ">
    <subfield code="a">Heitkemper, Margaret Mclean</subfield>
  </datafield>
  <datafield tag="700" ind1=" " ind2=" ">
    <subfield code="a">Bucher, Linda</subfield>
  </datafield>
  <datafield tag="700" ind1=" " ind2=" ">
    <subfield code="a">Camera, Ian M.</subfield>
  </datafield>
  <datafield tag="942" ind1=" " ind2=" ">
    <subfield code="2">lcc</subfield>
    <subfield code="c">BK</subfield>
  </datafield>
  <datafield tag="999" ind1=" " ind2=" ">
    <subfield code="c">7004</subfield>
    <subfield code="d">14504</subfield>
  </datafield>
  <datafield tag="952" ind1=" " ind2=" ">
    <subfield code="0">0</subfield>
    <subfield code="1">0</subfield>
    <subfield code="2">lcc</subfield>
    <subfield code="4">0</subfield>
    <subfield code="7">0</subfield>
    <subfield code="a">WIUC-1</subfield>
    <subfield code="b">WIUC-1</subfield>
    <subfield code="c">NURS L.</subfield>
    <subfield code="d">2020-01-27</subfield>
    <subfield code="l">0</subfield>
    <subfield code="o">RT41.M488(8e)</subfield>
    <subfield code="p">NURS/678/027/20</subfield>
    <subfield code="r">2020-01-27 00:00:00</subfield>
    <subfield code="t">1</subfield>
    <subfield code="w">2020-01-27</subfield>
    <subfield code="y">BK</subfield>
  </datafield>
  <datafield tag="952" ind1=" " ind2=" ">
    <subfield code="0">0</subfield>
    <subfield code="1">0</subfield>
    <subfield code="2">lcc</subfield>
    <subfield code="4">0</subfield>
    <subfield code="7">0</subfield>
    <subfield code="a">WIUC-1</subfield>
    <subfield code="b">WIUC-1</subfield>
    <subfield code="c">NURS L.</subfield>
    <subfield code="d">2020-01-27</subfield>
    <subfield code="l">0</subfield>
    <subfield code="o">RT41.M4881(8e)</subfield>
    <subfield code="p">NURS/679/028/20</subfield>
    <subfield code="r">2020-01-27 00:00:00</subfield>
    <subfield code="t">2</subfield>
    <subfield code="w">2020-01-27</subfield>
    <subfield code="y">BK</subfield>
  </datafield>
  <datafield tag="952" ind1=" " ind2=" ">
    <subfield code="0">0</subfield>
    <subfield code="1">0</subfield>
    <subfield code="2">lcc</subfield>
    <subfield code="4">0</subfield>
    <subfield code="7">0</subfield>
    <subfield code="a">WIUC-1</subfield>
    <subfield code="b">WIUC-1</subfield>
    <subfield code="c">NURS L.</subfield>
    <subfield code="d">2020-01-27</subfield>
    <subfield code="l">0</subfield>
    <subfield code="o">RT41.M4882(8e)</subfield>
    <subfield code="p">NURS/680/029/20</subfield>
    <subfield code="r">2020-01-27 00:00:00</subfield>
    <subfield code="t">3</subfield>
    <subfield code="w">2020-01-27</subfield>
    <subfield code="y">BK</subfield>
  </datafield>
</record>
